|
|
|
|
| LEADER |
00000nam0a2200000 4500 |
| 001 |
47075 |
| 005 |
20231031025530.0 |
| 010 |
|
|
|a 5247010523
|
| 035 |
|
|
|a (RuTPU)RU\TPU\book\49169
|
| 090 |
|
|
|a 47075
|
| 100 |
|
|
|a 20030203d1990 k y0rusy50 ca
|
| 101 |
0 |
|
|a rus
|
| 102 |
|
|
|a RU
|
| 105 |
|
|
|a y z 000zy
|
| 200 |
1 |
|
|a Комплексное планирование разведки нефтяных месторождений
|f Н. О. Вилков, Ю. Д. Логанов
|
| 210 |
|
|
|a Москва
|c Недра
|d 1990
|
| 215 |
|
|
|a 165 с.
|
| 320 |
|
|
|a Библиогр.: с. 167.
|
| 610 |
1 |
|
|a геология
|
| 610 |
1 |
|
|a геологоразведочные работы
|
| 610 |
1 |
|
|a нефтяные месторождения
|
| 610 |
1 |
|
|a планирование
|
| 610 |
1 |
|
|a поиски
|
| 610 |
1 |
|
|a поисково-разведочные работы
|
| 610 |
1 |
|
|a разведка
|
| 610 |
1 |
|
|a Западная Сибирь
|
| 675 |
|
|
|a 553.982:550.8
|v 3
|
| 700 |
|
1 |
|a Вилков
|b Н. О.
|g Николай Олегович
|
| 701 |
|
1 |
|a Логанов
|b Ю. Д.
|g Юрий Дмитриевич
|
| 801 |
|
1 |
|a RU
|b 63413507
|c 20030203
|g PSBO
|
| 801 |
|
2 |
|a RU
|b 63413507
|c 20160530
|g PSBO
|
| 942 |
|
|
|c BK
|